|
|
|
|
| LEADER |
00000nab a2200000uu 4500 |
| 001 |
vtls011450681 |
| 003 |
SK-MaSNL |
| 005 |
20260303151309.0 |
| 008 |
230222|2002 xo |||||||||||||||||eng| |
| 015 |
|
|
|a SNBRB
|
| 035 |
|
|
|a (urnnbn)urn:nbn:sk:snk:ar-006jx0
|
| 035 |
|
|
|a (uuid)8b73dce2-5341-4484-aec3-a330cb041430
|
| 035 |
|
|
|a urn:nbn:sk:snk-abcmtc
|
| 040 |
|
|
|a SNKBUCL
|b slo
|c SNKBUCL
|e AACR2
|
| 041 |
0 |
|
|a eng
|
| 044 |
|
|
|a xo
|c SK
|
| 100 |
1 |
|
|a Šalát, Tibor,
|d 1926-2005
|4 aut
|9 212670
|
| 245 |
1 |
0 |
|a ON THE PRODUCT OF DIVISORS OF A POSITIVE INTEGER
|c Tibor Šalát, Jana Tomanová
|
| 700 |
1 |
|
|a Tomanová, Jana
|4 aut
|9 10031
|
| 773 |
0 |
|
|t Mathematica Slovaca
|g Roč. 52, č. 3 (2002), s. 271-287
|
| 958 |
|
|
|a OND
|
| 958 |
|
|
|a EUIPO
|
| 958 |
|
|
|a article16
|
| 999 |
|
|
|c 2016993
|d 2018923
|